| 000 | 00675nam a2200181 a 4500 | ||
|---|---|---|---|
| 008 | 061003s2006 ||||||||||||||||| || u | ||
| 050 | _aIBRD(08)PRWP/3953 | ||
| 100 | _a[and others] | ||
| 245 | 1 | 0 | _aMoving forward faster |
| 246 | _aTrade facilitation reform and Mexican competitiveness | ||
| 260 |
_aWashington, D. C _bWord Bank _c2006 |
||
| 300 | _a31p.;ill | ||
| 350 | _a0.00 | ||
| 650 | _aTRADE FACILITATION REFORMS--RESEARCH--MEXICO | ||
| 650 | 0 | _aECONOMICS | |
| 700 | _aSoloaga, Isidro | ||
| 995 |
_D0.00 _FCBU-MAIN LIBRARY (Kitwe) _H1 _I0.00 _M1 _UAVAILABLE _WOct 3, 2006 _ZInternational Publications |
||
| 999 |
_c51737 _d51737 |
||